| 000 | 01460nam a2200397 i 4500 | ||
|---|---|---|---|
| 001 | 1715 | ||
| 003 | KOSZ 005 | ||
| 005 | 20191119125445.0 | ||
| 008 | 001221s1979 pl a |000 0 pol | ||
| 015 | _aPB 1979/9949 | ||
| 035 | _a(OCoLC)749313670 | ||
| 040 |
_aWA N _cWA N _dKOSZ 005/HR |
||
| 041 | 1 |
_apol _hcze |
|
| 046 | _k1977 | ||
| 080 | _a658.566 | ||
| 245 | 0 | 0 |
_aZarządzanie gospodarką materiałową w przedsiębiorstwie / _c[zespół aut. Jan Tomek et al. ; tł. [z czes.] Sławomir Czerwiński]. |
| 246 | 1 |
_iTyt. oryg.: _aRízení materiálového hospodářství v podniku, _f1977. |
|
| 260 |
_aWarszawa : _bPaństwowe Wydawnictwo Ekonomiczne, _c1979. |
||
| 300 |
_a546, [2] s., [1] k. tabl. : _bil., tab., wykr. ; _c22 cm. |
||
| 336 |
_2rdacontent _aTekst _btxt |
||
| 337 |
_2rdamedia _aBez urządzenia pośredniczącego _bn |
||
| 338 |
_2rdacarrier _aWolumin _bnc |
||
| 380 | _aKsiążki | ||
| 388 | _a1901-2000 | ||
| 388 | _a1945-1989 | ||
| 504 | _aBibliogr. s. 543-[547]. | ||
| 658 | _aZarządzanie i marketing | ||
| 650 | 4 | _aPrzedsiębiorstwo | |
| 650 | 4 | _aZaopatrzenie | |
| 650 | 4 | _aGospodarka materiałowa | |
| 700 | 1 |
_aTomek, Jan. _eAutor |
|
| 700 | 1 |
_aCzerwiński, Sławomir. _eTłumaczenie |
|
| 710 | 2 |
_aPaństwowe Wydawnictwo Ekonomiczne _4pbl. |
|
| 856 |
_uhttp://koha.tu.koszalin.pl/cgi-bin/koha/opac-detail.pl?biblionumber=1715 _yKatalog online BPK |
||
| 942 |
_2UKD _cKS |
||
| 999 |
_c1715 _d1715 |
||